Visualizzazione normale
Vista MARC
- Friedrich Engels
di Personal Name
Records bibliografici associati: 1
001 - CONTROL NUMBER
- control field: 34397
003 - CONTROL NUMBER IDENTIFIER
- control field: IT-RoPau
005 - DATE AND TIME OF LATEST TRANSACTION
- control field: 20150510224650.0
008 - FIXED-LENGTH DATA ELEMENTS
- fixed length control field: 150510|| aca||aabn | a|a d
040 ## - CATALOGING SOURCE
- Original cataloging agency: IT-RoPau
- Transcribing agency: IT-RoPau
100 ## - HEADING--PERSONAL NAME
- Personal name: Friedrich Engels
670 ## - SOURCE DATA FOUND
- Source citation: Work cat.: (IT-RoPau)10200: Friedrich Engels, Ludovico Feurebach e il punto d'approdo della filosofia classica tedesca